Geography Slot Machine Quiz Stats

 Plays Quiz Updated Nov 22, 2011

Challenge
Share
Tweet
Score 0/105 Timer 08:00
2 Plays Today
Country Answer % Correct
CountryAUS+SYD+CAN
94.5%
Largest CityAUS+SYD+CAN
94.5%
Capital CityAUS+SYD+CAN
94.5%
CountryUSA+NEW+WAS
93.4%
Largest CityUSA+NEW+WAS
93.4%
Capital CityUSA+NEW+WAS
93.4%
CountryCAN+TOR+OTT
92.6%
Largest CityCAN+TOR+OTT
92.6%
Capital CityCAN+TOR+OTT
92.6%
CountryCHI+SHA+BEI
89.9%
Largest CityCHI+SHA+BEI
89.9%
Capital CityCHI+SHA+BEI
89.9%
CountryBRA+SAO+BRA
86.3%
Largest CityBRA+SAO+BRA
86.3%
Capital CityBRA+SAO+BRA
86.3%
CountryIND+MUM+NEW
85.9%
Largest CityIND+MUM+NEW
85.9%
Capital CityIND+MUM+NEW
85.9%
CountryNEW+AUC+WEL
83%
Largest CityNEW+AUC+WEL
83%
Capital CityNEW+AUC+WEL
83%
CountrySWI+ZUR+BER
82.7%
Largest CitySWI+ZUR+BER
82.7%
Capital CitySWI+ZUR+BER
82.7%
CountryTUR+IST+ANK
78.8%
Largest CityTUR+IST+ANK
78.8%
Capital CityTUR+IST+ANK
78.8%
CountrySOU+JOH+PRE
78%
Largest CitySOU+JOH+PRE
78%
Capital CitySOU+JOH+PRE
78%
CountryVIE+HO +HAN
77.9%
Largest CityVIE+HO +HAN
77.9%
Capital CityVIE+HO +HAN
77.9%
CountryUAE+DUB+ABU
72.2%
Largest CityUAE+DUB+ABU
72.1%
Country Answer % Correct
Capital CityUAE+DUB+ABU
72.1%
CountryMOR+CAS+RAB
63.9%
Largest CityMOR+CAS+RAB
63.9%
Capital CityMOR+CAS+RAB
63.9%
CountryPAK+KAR+ISL
61.9%
Largest CityPAK+KAR+ISL
61.9%
Capital CityPAK+KAR+ISL
61.9%
CountryBEL+BEL+BEL
55.8%
Largest CityBEL+BEL+BEL
55.8%
Capital CityBEL+BEL+BEL
55.8%
CountryNIG+LAG+ABU
46.6%
Largest CityNIG+LAG+ABU
46.6%
Capital CityNIG+LAG+ABU
46.6%
CountrySRI+COL+SRI
41.7%
Largest CitySRI+COL+SRI
41.7%
Capital CitySRI+COL+SRI
41.7%
CountryECU+GUA+QUI
36.3%
Largest CityECU+GUA+QUI
36.3%
Capital CityECU+GUA+QUI
36.3%
CountryTAN+DAR+DOD
30.6%
Largest CityTAN+DAR+DOD
30.6%
Capital CityTAN+DAR+DOD
30.6%
CountryKAZ+ALM+AST
30.2%
Largest CityKAZ+ALM+AST
30.2%
Capital CityKAZ+ALM+AST
30.2%
CountryBOL+SAN+SUC
24.7%
Largest CityBOL+SAN+SUC
24.7%
Capital CityBOL+SAN+SUC
24.7%
CountryMYA+YAN+NAY
23.9%
Largest CityMYA+YAN+NAY
23.9%
Capital CityMYA+YAN+NAY
23.9%
CountryLIE+SCH+VAD
22.7%
Largest CityLIE+SCH+VAD
22.7%
Capital CityLIE+SCH+VAD
22.7%
CountryCOT+ABI+YAM
20.7%
Country Answer % Correct
Largest CityCOT+ABI+YAM
20.7%
Capital CityCOT+ABI+YAM
20.7%
CountryKIR+SOU+TAR
19.7%
Largest CityKIR+SOU+TAR
19.7%
Capital CityKIR+SOU+TAR
19.7%
CountrySAN+DOG+SAN
18.8%
Largest CitySAN+DOG+SAN
18.8%
Capital CitySAN+DOG+SAN
18.8%
CountrySUD+OMD+KHA
18.5%
Largest CitySUD+OMD+KHA
18.5%
Capital CitySUD+OMD+KHA
18.5%
CountryCAM+DOU+YAO
16.7%
CountryTRI+SAN+POR
16.7%
Largest CityCAM+DOU+YAO
16.7%
Largest CityTRI+SAN+POR
16.7%
Capital CityTRI+SAN+POR
16.7%
Capital CityCAM+DOU+YAO
16.7%
CountryMAL+BIR+VAL
16%
Largest CityMAL+BIR+VAL
16%
Capital CityMAL+BIR+VAL
16%
CountryBEN+COT+POR
13%
Largest CityBEN+COT+POR
13%
Capital CityBEN+COT+POR
13%
CountryMAL+BLA+LIL
12.2%
Largest CityMAL+BLA+LIL
12.2%
Capital CityMAL+BLA+LIL
12.2%
CountryPAL+KOR+NGE
9.5%
Largest CityPAL+KOR+NGE
9.5%
Capital CityPAL+KOR+NGE
9.5%
CountryNAU+DEN+YAR
7.3%
Largest CityNAU+DEN+YAR
7.3%
Capital CityNAU+DEN+YAR
7.3%
CountryMIC+WEN+PAL
6.9%
Largest CityMIC+WEN+PAL
6.9%
Capital CityMIC+WEN+PAL
6.9%

You're not logged in!

Compare scores with friends on all Sporcle quizzes.
OR
Log In

You Might Also Like...

Show Comments

Extras

Top Quizzes Today


Score Distribution

Your Account Isn't Verified!

In order to create a playlist on Sporcle, you need to verify the email address you used during registration. Go to your Sporcle Settings to finish the process.

Report this User

Report this user for behavior that violates our Community Guidelines.

Details: